Statistics for Countries Bordering Soviet Union

Click here to take the quiz!

General Stats

  • This quiz has been taken 52 times
  • The average score is 11 of 12

Answer Stats

Answer % Correct
Finland
100%
China
98%
Poland
95%
Mongolia
95%
Afghanistan
93%
North Korea
93%
Romania
91%
Turkey
91%
Iran
89%
Norway
86%
Czechoslovakia
82%
Hungary
82%

Score Distribution

Percentile by Number Answered

Percent of People with Each Score

Your Score History

You have not taken this quiz